<?xml version="1.0" encoding="UTF-8"?>
<record
    xmlns:xsi="http://www.w3.org/2001/XMLSchema-instance"
    xsi:schemaLocation="http://www.loc.gov/MARC21/slim http://www.loc.gov/standards/marcxml/schema/MARC21slim.xsd"
    xmlns="http://www.loc.gov/MARC21/slim">

  <leader>00460pam a2200169 a 4500</leader>
  <datafield tag="020" ind1=" " ind2=" ">
    <subfield code="a">0070571872</subfield>
  </datafield>
  <datafield tag="040" ind1=" " ind2=" ">
    <subfield code="c">DLC</subfield>
  </datafield>
  <datafield tag="082" ind1=" " ind2=" ">
    <subfield code="a">327 MCG 1997 A020 Or.</subfield>
  </datafield>
  <datafield tag="100" ind1="1" ind2=" ">
    <subfield code="a">Shively, W. Phillips,</subfield>
  </datafield>
  <datafield tag="245" ind1="1" ind2="0">
    <subfield code="a">Power and choice :</subfield>
    <subfield code="b">an introduction to political science /</subfield>
  </datafield>
  <datafield tag="246" ind1="1" ind2="4">
    <subfield code="a">Power &amp; choice</subfield>
  </datafield>
  <datafield tag="250" ind1=" " ind2=" ">
    <subfield code="a">5th ed</subfield>
  </datafield>
  <datafield tag="260" ind1=" " ind2=" ">
    <subfield code="a">New York :</subfield>
    <subfield code="b">McGraw-Hill,</subfield>
    <subfield code="c">c1997</subfield>
  </datafield>
  <datafield tag="300" ind1=" " ind2=" ">
    <subfield code="a">xvii, 377 p. :</subfield>
    <subfield code="b">ill., maps ;</subfield>
    <subfield code="c">24 cm</subfield>
  </datafield>
  <datafield tag="650" ind1=" " ind2="0">
    <subfield code="a">Political science</subfield>
  </datafield>
  <datafield tag="942" ind1=" " ind2=" ">
    <subfield code="c">EK</subfield>
  </datafield>
  <datafield tag="999" ind1=" " ind2=" ">
    <subfield code="c">12791</subfield>
    <subfield code="d">12791</subfield>
  </datafield>
  <datafield tag="952" ind1=" " ind2=" ">
    <subfield code="0">0</subfield>
    <subfield code="1">0</subfield>
    <subfield code="4">0</subfield>
    <subfield code="6">327_000000000000000_MCG_1997_A020_OR</subfield>
    <subfield code="7">0</subfield>
    <subfield code="9">62879</subfield>
    <subfield code="a">LBA</subfield>
    <subfield code="b">LBA</subfield>
    <subfield code="c">A020</subfield>
    <subfield code="d">2017-08-17</subfield>
    <subfield code="o">327 MCG 1997 A020 Or.</subfield>
    <subfield code="p">A15708</subfield>
    <subfield code="r">2017-08-17</subfield>
    <subfield code="w">2017-08-17</subfield>
    <subfield code="y">EK</subfield>
  </datafield>
  <datafield tag="952" ind1=" " ind2=" ">
    <subfield code="0">0</subfield>
    <subfield code="1">0</subfield>
    <subfield code="4">0</subfield>
    <subfield code="6">327_000000000000000_MCG_1997_A020_OR</subfield>
    <subfield code="7">0</subfield>
    <subfield code="9">62880</subfield>
    <subfield code="a">LBA</subfield>
    <subfield code="b">LBA</subfield>
    <subfield code="c">A020</subfield>
    <subfield code="d">2017-08-17</subfield>
    <subfield code="o">327 MCG 1997 A020 Or.</subfield>
    <subfield code="p">A18419</subfield>
    <subfield code="r">2017-08-17</subfield>
    <subfield code="w">2017-08-17</subfield>
    <subfield code="y">EK</subfield>
  </datafield>
  <datafield tag="952" ind1=" " ind2=" ">
    <subfield code="0">0</subfield>
    <subfield code="1">0</subfield>
    <subfield code="4">0</subfield>
    <subfield code="6">327_000000000000000_MCG_1997_A020_OR</subfield>
    <subfield code="7">0</subfield>
    <subfield code="9">62881</subfield>
    <subfield code="a">LBA</subfield>
    <subfield code="b">LBA</subfield>
    <subfield code="c">A020</subfield>
    <subfield code="d">2017-08-17</subfield>
    <subfield code="o">327 MCG 1997 A020 Or.</subfield>
    <subfield code="p">A16754</subfield>
    <subfield code="r">2017-08-17</subfield>
    <subfield code="w">2017-08-17</subfield>
    <subfield code="y">EK</subfield>
  </datafield>
</record>
